01468nam a2200205 a 4500008004100000050002300041110004100064245017100105260004700276300001400323350000900337650005200346995015500398995015500553995015300708999001700861952012800878952012801006952012801134081119s1968 ||||||||||||||||| || u aGOV.ZAM(02)1968/2A aGovernment of the Republic of Zambia10aZambia's guideline for the next decade: His Exellency the President, Dr. Kenneth Kaunda addressing the National Council of UNIP at Mulungushi Hall, 9th November, 1968 aLusaka:bZambia Information Servicesc1968 a44p.:ill. a0.00 aPRESIDENTS--ZAMBIA--ADDRESSES, ESSAYS, LECTURES aSPECIAL COLLECTIONSD0.00e03003178FCBU-MAIN LIBRARY (Kitwe)H1I0.00jGOV.ZAM(02)1968/ 2AM1UAVAILABLEWNov 19, 2008y03003178ZZambiana Collection aSPECIAL COLLECTIONSD0.00e03003218FCBU-MAIN LIBRARY (Kitwe)H1I0.00jGOV.ZAM(02)1968/ 2CM3UAVAILABLEWNov 24, 2008y03003218ZZambiana Collection aSPECIAL COLLECTIONSD0.00e701109FCBU-MAIN LIBRARY (Kitwe)H1I0.00jGOV.ZAM(02)1968/ 2BM2UAVAILABLEWNov 19, 2008y03003179ZZambiana Collection c83430d83430 00102lcc4070a001b001cZambiana Collectiond2023-10-30l0oGOV.ZAM(02)1968/2Ap03003178r2023-10-30t1w2023-10-30y023 00102lcc4070a001b001cZambiana Collectiond2023-10-30l0oGOV.ZAM(02)1968/2Cp03003218r2023-10-30t2w2023-10-30y023 00102lcc4070a001b001cZambiana Collectiond2023-10-30l0oGOV.ZAM(02)1968/2Bp03003179r2023-10-30t3w2023-10-30y023